000 01516nam0a22002891 4500
001 rc\4236591
005 20260406085323.0
021 _aRU
_bРг6540-63
035 _a(NLR Aleph) 008228774
090 _a8202929
_c8202929
100 _a20130416d1963 |||y0rusy50 ca
101 0 _arus
102 _aRU
105 _aa z |||||
200 1 _aВычислительные машины дискретного действия
_fЦентр. правл. Науч.-техн. о-ва приборостроит. пром. Обществ. ин-т. Заоч. курсы усовершенствования ИТР по вычислит. технике и автоматизации производства
210 _aМосква
_cЦИНТИПрибороэлектропром
_d1963
215 _a76 с.
_cчерт.
_d21
300 _aПеред загл. авт.: Б.В. Анисимов; в конце текста - д-р техн. наук, проф. Б.А. Анисимов
320 _aБиблиогр.: с. 75
700 1 _4070
_7ca
_8rus
_aАнисимов
_bБ. В.
_cд-р техн. наук
_f1915-1976
_gБорис Владимирович
_3RU\NLR\AUTH\770279954
_92651921
712 0 2 _aЗаочные курсы усовершенствования ИТР по вычислит. технике и автоматизации производства (Москва)
801 0 _aRU
_bNLR
_gpsbo
801 1 _aRU
_bELAR
_2rusmarc
852 _aNLR
_j63-6/10193
942 _cBOOK
980 _aNB